|
|
|
|
| LEADER |
00000nam0a2200000 4500 |
| 001 |
126993 |
| 005 |
20231031132051.0 |
| 010 |
|
|
|a 5721808799
|
| 035 |
|
|
|a (RuTPU)RU\TPU\book\137375
|
| 090 |
|
|
|a 126993
|
| 100 |
|
|
|a 20071206d2006 km y0rusy50 ca
|
| 101 |
0 |
|
|a rus
|
| 102 |
|
|
|a RU
|
| 105 |
|
|
|a a z 000zy
|
| 200 |
1 |
|
|a Информационные и коммуникационные технологии в Российской экономике. 2006
|e статистический сборник
|f Высшая школа экономики (ГУ-ВШЭ)
|
| 210 |
|
|
|a Москва
|c ГУ ВШЭ
|d 2006
|
| 215 |
|
|
|a 280 с.
|c ил.
|
| 330 |
|
|
|a Настоящий сборник, подготовленный Институтом статистических исследований и экономики знаний Государственного университета - Высшей школы экономики в рамках Инновационной образовательной программы ГУ-ВШЭ "Формирование системы компетенций для инноваций в бизнесе и государственном управлении", представляет статистическую информацию об использовании российскими организациями вычислительной техники, программных средств, информационно-вычислительных сетей, а также о деятельности организаций сектора информационных и коммуникационных технологий. Приведенные статистические материалы характеризуют масштабы распространения и направления использования информационных и коммуникационных технологий. Во втором разделе содержатся данные о секторе ИКТ, многие из которых приведены впервые. Рассматриваемые показатели базируются на современных методологических подходах к статистике информационных и коммуникационных технологий и полностью отвечают требованиям международных статистических стандартов. В сборнике использованы материалы Федеральной службы государственной статистики, Федеральной таможенной службы, международных организаций и национальных статистических служб.
|
| 610 |
1 |
|
|a экономика
|
| 610 |
1 |
|
|a информация
|
| 610 |
1 |
|
|a информатика
|
| 610 |
1 |
|
|a информационные технологии
|
| 610 |
1 |
|
|a коммуникационные технологии
|
| 610 |
1 |
|
|a статистика
|
| 610 |
1 |
|
|a статистические показатели
|
| 610 |
1 |
|
|a персональные компьютеры
|
| 610 |
1 |
|
|a программное обеспечение
|
| 610 |
1 |
|
|a информационные сети
|
| 610 |
1 |
|
|a использование
|
| 610 |
1 |
|
|a Российская Федерация
|
| 686 |
|
|
|a У9(2)39
|v LBC/SL-A
|2 rubbk
|
| 712 |
0 |
2 |
|a Высшая школа экономики (ГУ-ВШЭ)
|c Государственный университет
|c (Москва)
|2 stltpush
|3 (RuTPU)RU\TPU\col\15
|
| 801 |
|
1 |
|a RU
|b 63413507
|c 20071206
|g PSBO
|
| 801 |
|
2 |
|a RU
|b 63413507
|c 20210705
|g PSBO
|
| 942 |
|
|
|c BK
|
| 959 |
|
|
|a 91/20071206
|d 1
|e 495,00
|f ЧЗСБО:1
|